Catalog

Record Details

Catalog Search



Úvod do teórií osobnosti : psychológia osobnosti  Cover Image Book Book

Úvod do teórií osobnosti : psychológia osobnosti / Calvin S. Hall ... [et al.] ; [z anglického originálu přeložili ... Anton Heretik ... et al.]

Hall, Calvin S. (Author). Heretík, A. (Translator).

Record details

  • ISBN: 80-08-03384-3
  • Physical Description: 510 s. ; 24 cm
  • Edition: 3. vyd.
  • Publisher: Bratislava: Slovenské pedagogické nakladatel'stvo, 2002

Content descriptions

Bibliography, etc. Note:
Obsahuje bibliografické záznamy
Subject: psychologie osobnosti
teorie
výzkum

Available copies

  • 1 of 1 copy available at Common Catalog SPOK.

Holds

  • 0 current holds with 1 total copy.
Show Only Available Copies
Location Call Number / Copy Notes Barcode Shelving Location Status Due Date
Jabok Library Psy-4.1/H 424480017331 Odborná literatura Available -

LDR 00974nam a2200301 a 4500
00114058
003CZ-PrJAB
00520191017075532.0
007ta
008060616s2002 xo ||||||||||u0|0|||slo||
020 . ‡a80-08-03384-3 ‡q(váz.)
035 . ‡a(CZ PrSKC)kpw05202661
040 . ‡aABA012 ‡bcze
080 . ‡a159.923
24500. ‡aÚvod do teórií osobnosti : ‡bpsychológia osobnosti / ‡cCalvin S. Hall ... [et al.] ; [z anglického originálu přeložili ... Anton Heretik ... et al.]
24604. ‡aPsychológia osobnosti
250 . ‡a3. vyd.
260 . ‡aBratislava: ‡bSlovenské pedagogické nakladatel'stvo, ‡c2002
300 . ‡a510 s. ; ‡c24 cm
504 . ‡aObsahuje bibliografické záznamy
650 7. ‡apsychologie osobnosti ‡2pedag
650 7. ‡ateorie ‡2pedag
650 7. ‡avýzkum ‡2pedag
7001 . ‡aHall, Calvin S. ‡4aut
7001 . ‡aHeretík, A. ‡4trl
7651 . ‡tIntroduction to theories of personality
910 . ‡aABG312
901 . ‡a14058 ‡bCZ PrSKC ‡c14058 ‡tbiblio

Additional Resources